000 00938nam a22002417a 4500
999 _c9690
_d9690
001 9690
003 OSt
005 20221018134024.0
008 180322b1982 bg ||||| |||| 00| 0 ben d
035 _a(BD-JhCC)9690
040 _aBD-JhCC
_dBD-JhCC
041 _aben
082 _a530.00
_bTAP 1982
100 _aতপন, ডক্টর শাহজাহান
245 _aউচ্চ মাধ্যমিক পদার্থ বিজ্ঞান প্রথম খন্ড /
_cডক্টর শাহজাহান তপন, মুহাম্মদ আজিজ হাসান এবং রানা চৌধুরী
260 _aঢাকা :
_bহাসান বুক হাউস
_c1982.
300 _a110 o. :
_c24 †g.
650 _aPhysics
700 _aহাসান, মুহাম্মদ আজিজ
700 _aচৌধুরী, রানা
942 _2ddc
_cBK
_016